LEADER 00495nab a2200145 i 4500 001 000000265485 003 CaOOAMICUS 005 20180831164718.0 008 180831n xx uu u0 0und r 013 $a8561 040 $aSeMil$bita 245 10$a[vedi periodico]. 773 0 $t[2006 : 3].$d[S.l. : s.n.], 2006$w()156593 774 0 $tBibliografía en lengua española de la Beata Isabel de la Trinidad, Carmelita Descalza (1880-1906).$w()305198 996 $6245$a[vedi periodico]$9(OLS)http://semarc/title/309439 LEADER 00719nam a2200169 i 4500 001 000000239881 003 CaOOAMICUS 005 20150320000000.0 008 150320s1832 it u000 u ita u 013 $a218786 040 $aSeMil$bita 245 10$aTomo 5. 300 $a487 p. 773 0 $aRichard, Charles Louis <1711-1794>$tBiblioteca sacra, ovvero Dizionario universale delle scienze ecclesiastiche che comprende la storia della religione, della sua istituzione e de' suoi dogmi; la storia parimenti ....$dMilano : Ranieri Fanfani, 1830-1840.$g5$w()31603 850 $aSeMil 852 $aSeMil$W1$xVenegono$y1$m3D III 5 FA$j190227$B190227$CSeMilBibl$Z2$F201075 $8I 996 $6245$aTomo 5$9(OLS)http://semarc/title/76883